| 000 | 00343nam a22001217a 4500 | ||
|---|---|---|---|
| 020 | _a0749445173 | ||
| 082 |
_a658.422 _bDUN |
||
| 100 | _aDunne, Patrick | ||
| 245 |
_aDirectors' dilemmas : _btales from the frontline / _cPatrick Dunne |
||
| 260 |
_aLondon : _bKogan Page Limited, _c2005. |
||
| 300 |
_a274 p. ; _c23 cm. |
||
| 942 |
_2ddc _cBK |
||
| 999 |
_c591692 _d591692 |
||